[Event "65th ch-BUL"]
[Site "Tsarevo BUL"]
[Date "2001.05.15"]
[Round "5"]
[White "Bratanov,Z"]
[Black "Kozhuharov,S"]
[Result "1-0"]
[WhiteElo "2436"]
[BlackElo "2322"]

1.d4 Nf6 2.Nf3 g6 3.c4 Bg7 4.Nc3 O-O 5.e4 d6 6.Be2 e5 7.O-O Nc6 8.d5 Ne7
9.Bd2 Nd7 10.b4 a5 11.a3 f5 12.c5 axb4 13.axb4 Rxa1 14.Qxa1 Nf6 15.Bg5 Nxe4
16.Nxe4 fxe4 17.Nd2 Bf5 18.Qa4 h6 19.Bxe7 Qxe7 20.Nc4 Bc8 21.b5 dxc5 22.b6 Rd8
23.Rd1 Bf8 24.Qa5 cxb6 25.Qxb6 e3 26.fxe3 Qg5 27.h4 Qxh4 28.Qxg6+ Bg7 29.Bd3 Qg5
30.Qh7+ Kf7 31.Rf1+ Ke7 32.Bg6 Rf8  1-0

[Event "ch-LTU"]
[Site "Kaunas LTU"]
[Date "2001.05.16"]
[Round "10"]
[White "Sakalauskas,V"]
[Black "Labuckas,A"]
[Result "1-0"]
[WhiteElo "2437"]
[BlackElo "2356"]

1.d4 Nf6 2.c4 g6 3.Nc3 Bg7 4.e4 d6 5.Be2 O-O 6.Nf3 e5 7.O-O Nc6 8.d5 Ne7
9.Ne1 Nd7 10.Be3 f5 11.f3 f4 12.Bf2 g5 13.a4 Ng6 14.a5 h5 15.Nb5 Nf6 16.Nxa7 Bd7
17.c5 Rxa7 18.c6 Qa8 19.cxd7 Rxa5 20.Rc1 Qd8 21.Qc2 Qxd7 22.Qxc7 Qxc7 23.Rxc7 Rf7
24.Rc8+ Rf8 25.Rc3 g4 26.Nc2 Ra2 27.Rb3 Rf7 28.Na3 Rc7 29.Rb4 Rxa3 30.bxa3 Rc2
31.Bd1 Rd2 32.Bb3 g3 33.Be1 Re2 34.Rc4 Rb2 35.Bd1 h4 36.h3 Ne7 37.Bb4 Nexd5
38.exd5 Nxd5 39.Rc2 Rxc2 40.Bxc2 Ne3 41.Bb3+ d5 42.Re1 Bf8 43.Rxe3 fxe3 44.Bxd5+ Kg7
45.Bxf8+  1-0

[Event "TCh-YUG"]
[Site "Herceg Novi YUG"]
[Date "2001.05.17"]
[Round "4"]
[White "Lekic,D"]
[Black "Nikolic,N YUG"]
[Result "1-0"]
[WhiteElo "2393"]
[BlackElo "2374"]

1.d4 Nf6 2.c4 g6 3.Nc3 Bg7 4.e4 d6 5.Nf3 O-O 6.Be2 e5 7.O-O Nc6 8.d5 Ne7
9.Ne1 Nd7 10.Be3 f5 11.f3 f4 12.Bf2 g5 13.a4 Ng6 14.a5 h5 15.Nb5 Nf6 16.Nxa7 Bd7
17.c5 g4 18.c6 bxc6 19.Nxc6 Qe8 20.Ra4 g3 21.hxg3 fxg3 22.Bxg3 h4 23.Bh2 Bh6
24.Ra3 Rf7 25.a6 Nf4 26.a7 N6h5 27.Bc4 Rg7 28.Kf2 Kh7 29.Qb3 Qg8 30.Rg1 Nh3+
31.gxh3 Rxg1 32.Qb8 Qg5 33.f4 Nxf4 34.Bxg1 Nxh3+ 35.Rxh3 Bxh3 36.Qxc7+ Bg7
37.Bh2 Rf8+ 38.Nf3 Qg2+ 39.Ke1 Rxf3 40.a8=Q Qh1+ 41.Kd2 Qxh2+ 42.Be2 Qf4+
43.Kd1 Rg3 44.Qa4 Qe3 45.Kc2 Bg2 46.Qf7 Bxe4+ 47.Kd1 Rg1+ 48.Bf1 Bf3+ 49.Kc2 Qf2+
50.Kc3 Qe3+ 51.Bd3+ e4+ 52.Qd4 Qxd3+ 53.Kb4 Qxd4+ 54.Nxd4 Rg4 55.Qh5+ Kg8
56.Nxf3 Rg3 57.Ng5 e3 58.Qe8+ Bf8 59.Qf7+  1-0

[Event "TCh-YUG"]
[Site "Herceg Novi YUG"]
[Date "2001.05.19"]
[Round "6"]
[White "Markus,R"]
[Black "Nikolic,N YUG"]
[Result "0-1"]
[WhiteElo "2469"]
[BlackElo "2374"]

1.d4 Nf6 2.c4 g6 3.Nc3 Bg7 4.e4 d6 5.Nf3 O-O 6.Be2 e5 7.O-O Nc6 8.d5 Ne7
9.b4 a5 10.Ba3 axb4 11.Bxb4 Nd7 12.Nd2 Bh6 13.Nb3 f5 14.c5 Nf6 15.exf5 gxf5
16.a4 Kh8 17.cxd6 cxd6 18.Nb5 Ne8 19.a5 Rg8 20.Kh1 f4 21.Bf3 Nf5 22.Ra2 b6
23.Re1 Ba6 24.Na3 Ra7 25.Be4 bxa5 26.Nxa5 Qg5 27.Nc6 Nf6 28.Nxa7 Nxe4 29.Qf3 Nh4
30.Qh3 f3 31.g3 Be2 32.Raxe2 fxe2 33.Rxe2 Qc1+ 34.Re1  0-1

[Event "Open"]
[Site "Pula CRO"]
[Date "2001.05.22"]
[Round "5"]
[White "Feletar,D"]
[Black "Zufic,M"]
[Result "1/2-1/2"]
[WhiteElo "2443"]
[BlackElo "2274"]

1.c4 Nf6 2.Nf3 g6 3.Nc3 Bg7 4.e4 d6 5.d4 O-O 6.Be2 e5 7.O-O Nc6 8.d5 Ne7
9.b4 Nh5 10.Re1 a5 11.Ba3 Nf4 12.Bf1 Bg4 13.h3 Bxf3 14.Qxf3 axb4 15.Bxb4 c5
16.dxc6 Nxc6 17.a3 Nd4 18.Qd1 Nfe6 19.Nb5 Nc5 20.Ra2 Ra6 21.Qb1 Rc6 22.Rd1 Qe7
23.Rb2 Na4 24.Rbd2 Nc5 25.Kh1 Rd8 26.Nc3 Rb8 27.Rb2 Nde6 28.Qc2 h5 29.Qd2 Kh7
30.Rdb1 Bh6 31.Qd1 Bg7 32.Qe1 Ra8 33.Rd2 Bh6 34.Rdd1 Bg7 35.Rb2 Bh6 36.Nb5 Rd8
37.Rdb1 Ra8 38.Ra2 Qh4 39.Nc3 Qe7 40.Rd1 Bg7 41.Rb2 Bh6  1/2-1/2

[Event "Master Open"]
[Site "Lausanne SUI"]
[Date "2001.05.23"]
[Round "2"]
[White "Tukmakov,V"]
[Black "Efimenko,Z"]
[Result "1/2-1/2"]
[WhiteElo "2604"]
[BlackElo "2439"]

1.Nf3 Nf6 2.c4 g6 3.Nc3 Bg7 4.e4 d6 5.d4 O-O 6.Be2 e5 7.O-O Nc6 8.d5 Ne7
9.b4 Nh5 10.Re1 f5 11.Ng5 Nf6 12.f3 Nh5 13.c5 Nf4 14.Bc4 Kh8 15.Ne6 Bxe6
16.dxe6 fxe4 17.fxe4 Nc6 18.Be3 Nd4 19.Rc1 dxc5 20.bxc5 Nfxe6 21.c6 bxc6
22.Bxe6 Nxe6 23.Qxd8 Rfxd8 24.Na4 Nd4 25.Nc5 Rab8 26.Bg5 Re8 27.Nd3 Rb5 28.Rc4 a5
29.Kf2 Rf8+ 30.Ke3 Ne6 31.h4 Rf7 32.Kd2 Rd7 33.Rec1 Nxg5 34.hxg5 Bf8 35.Rxc6 Be7
36.Ke2 Bxg5 37.R1c5 Rxc5  1/2-1/2

[Event "IX Guillermo Garcia Mem"]
[Site "Santa Clara CUB"]
[Date "2001.05.23"]
[Round "1"]
[White "Vera,R"]
[Black "Arencibia,W"]
[Result "1/2-1/2"]
[WhiteElo "2534"]
[BlackElo "2543"]

1.d4 Nf6 2.c4 g6 3.Nc3 Bg7 4.e4 d6 5.Nf3 O-O 6.Be2 e5 7.O-O Nc6 8.Be3 exd4
9.Nxd4 Re8 10.f3 Nxd4 11.Bxd4  1/2-1/2

[Event "XXVI Elekes Mem IM"]
[Site "Budapest HUN"]
[Date "2001.05.24"]
[Round "4"]
[White "Petran,Pa"]
[Black "Orso,J"]
[Result "1/2-1/2"]
[WhiteElo "2392"]
[BlackElo "2249"]

1.d4 Nf6 2.c4 g6 3.Nf3 Bg7 4.Nc3 O-O 5.e4 d6 6.Be2 e5 7.O-O Nc6 8.d5 Ne7
9.b4 Nh5 10.Re1 h6 11.Nd2 Nf4 12.Bf1  1/2-1/2

[Event "Master Open"]
[Site "Lausanne SUI"]
[Date "2001.05.25"]
[Round "6"]
[White "Epishin,V"]
[Black "Cheparinov,I"]
[Result "1/2-1/2"]
[WhiteElo "2579"]
[BlackElo "2444"]

1.d4 Nf6 2.c4 g6 3.Nc3 Bg7 4.e4 d6 5.Nf3 O-O 6.Be2 e5 7.O-O Nc6 8.d5 Ne7
9.b4 Nh5 10.Qc2 a5 11.bxa5 Rxa5 12.Re1 c5 13.dxc6 bxc6 14.Be3 Nf4 15.Rad1 Nxe2+
16.Qxe2 f5 17.c5 fxe4 18.Rxd6 Qe8 19.Qc4+ Kh8 20.Qxe4 Nf5 21.Rdd1 Qe7 22.Bd2 Rxc5
23.Na4 Nd6 24.Qb4 Rc4 25.Qa3 Bg4 26.Nb6 Bxf3 27.Nxc4 Bxd1 28.Nxd6 Bc2 29.Be3 Qe6
30.Rc1 Qd5 31.Qc3 Ba4 32.Nc4 e4 33.Qb4 Bb5 34.a4 Bxc4 35.Qxc4 Bb2 36.Qxc6 Qd3
37.Rf1 Bd4 38.Qd6 Bg7 39.Qxd3 exd3 40.Rd1 Rd8 41.a5 Rd6 42.g3 Bc3 43.Bb6 d2
44.Kg2 Re6 45.Be3 Bxa5 46.Bxd2 Bxd2 47.Rxd2 Re7 48.g4 Kg7 49.Rd5 h6 50.h4 Ra7
51.Kg3 Ra3+ 52.f3 Ra7 53.Kf4 Rf7+ 54.Ke4 Re7+ 55.Re5 Ra7 56.f4 Ra4+ 57.Kf3 Ra3+
58.Re3 Ra7 59.Rd3 Kf7 60.h5 gxh5 61.gxh5 Kf6 62.Rd6+ Kf5 63.Rd5+ Kf6 64.Ke4 Re7+
65.Re5 Ra7 66.Rf5+ Ke6 67.Rf8 Ra4+ 68.Kf3 Ra1 69.Rh8 Kf5 70.Rf8+ Ke6 71.Rd8 Rf1+
72.Ke3 Re1+ 73.Kf3 Rf1+ 74.Kg3 Rg1+ 75.Kf2 Ra1 76.Rh8 Kf5 77.Kg3 Ra3+ 78.Kh4 Kxf4
79.Rxh6 Kf5 80.Rb6 Ra1 81.Rb5+ Kf6 82.Rb4 Rh1+ 83.Kg4 Rg1+ 84.Kf4 Rf1+ 85.Kg3 Kg5
86.Rb5+  1/2-1/2

[Event "Master Open"]
[Site "Lausanne SUI"]
[Date "2001.05.27"]
[Round "8"]
[White "Fressinet,L"]
[Black "Hebden,M"]
[Result "1/2-1/2"]
[WhiteElo "2575"]
[BlackElo "2560"]

1.Nf3 Nf6 2.d4 g6 3.c4 Bg7 4.Nc3 O-O 5.e4 d6 6.Be2 e5 7.O-O Nc6 8.d5 Ne7
9.b4 Nh5 10.Re1 f5 11.Ng5 Nf6 12.Bf3 c6 13.b5 cxd5 14.cxd5 h6 15.Ne6 Bxe6
16.dxe6 fxe4 17.Nxe4 Nxe4 18.Bxe4 d5 19.Ba3 dxe4 20.Qxd8 Rfxd8 21.Bxe7 Rd5
22.Rad1 Rxb5 23.Bd8 Rc8 24.Rd6 Rc6 25.Rxc6 bxc6 26.h4 Kf8 27.Rc1 Ke8 28.e7  1/2-1/2

[Event "XXVI Elekes Mem IM"]
[Site "Budapest HUN"]
[Date "2001.05.30"]
[Round "10"]
[White "Galyas,M"]
[Black "Lamberger,W"]
[Result "1-0"]
[WhiteElo "2371"]
[BlackElo "2074"]

1.d4 Nf6 2.c4 g6 3.Nc3 Bg7 4.e4 d6 5.Nf3 O-O 6.Be2 e5 7.O-O Nc6 8.d5 Ne7
9.Bd2 Ne8 10.Rc1 h6 11.Ne1 g5 12.Nd3 f5 13.f3 f4 14.c5 Ng6 15.cxd6 cxd6 16.Nf2 Rf7
17.Nb5 Bf8 18.Qb3 Nh4 19.Rc2 g4 20.fxg4 h5 21.h3 Rg7 22.Rfc1 hxg4 23.Bxg4 Bxg4
24.Nxg4 Qb6+ 25.Kh2 Rxg4 26.hxg4 f3 27.Bg5 Bh6 28.Bxh4 Bf4+ 29.Bg3 Bxc1 30.Rxc1 f2
31.g5 Rd8 32.Rf1 Rd7 33.Bxf2 Rh7+ 34.Kg1 Qd8 35.Qf3 Qxg5 36.Qg3  1-0

[Event "XXVI Elekes Mem IM"]
[Site "Budapest HUN"]
[Date "2001.05.30"]
[Round "10"]
[White "Orso,M"]
[Black "Semenova,I"]
[Result "0-1"]
[WhiteElo "2386"]
[BlackElo "2312"]

1.d4 Nf6 2.Nf3 g6 3.c4 Bg7 4.Nc3 O-O 5.e4 d6 6.Be2 e5 7.O-O Nc6 8.d5 Ne7
9.Ne1 Ne8 10.Nd3 f5 11.Bd2 Nf6 12.f3 h5 13.c5 f4 14.Rc1 g5 15.cxd6 cxd6 16.Nf2 Ng6
17.Nb5 Ne8 18.Qc2 Bd7 19.Qb3 Nh4 20.Rc2 a6 21.Nc7 Nxc7 22.Ba5 b5 23.Rxc7 Qe8
24.Rfc1 Rf7 25.Rb7 Rc8 26.Rxc8 Qxc8 27.Rc7 Qb8 28.Rc6 Bf8 29.a4 g4 30.fxg4 hxg4
31.Nxg4 f3 32.gxf3 Qe8 33.Be1 Ng6 34.axb5 axb5 35.Bxb5 Qd8 36.Qe3 Nf4 37.Bf1 Qg5
38.Rc2 Rg7 39.h3 Nxh3+ 40.Kh1 Nf4 41.Rh2 Bxg4 42.fxg4 Qxg4 43.b4 Be7 44.b5 Bd8
45.Bf2 Qd1 46.Be1 Ba5  0-1

[Event "ch-IND"]
[Site "New Delhi IND"]
[Date "2001.06.02"]
[Round "18"]
[White "Neelotpal,D"]
[Black "Konguvel,P"]
[Result "1/2-1/2"]
[WhiteElo "2423"]
[BlackElo "2383"]

1.Nf3 Nf6 2.c4 g6 3.Nc3 Bg7 4.e4 d6 5.d4 O-O 6.Be2 e5 7.O-O Nc6 8.d5 Ne7
9.Nd2 a5 10.a3 Nd7 11.Rb1  1/2-1/2

[Event "IHEM"]
[Site "Hamburg GER"]
[Date "2001.06.03"]
[Round "2"]
[White "Ftacnik,L"]
[Black "Lanka,Z"]
[Result "0-1"]
[WhiteElo "2618"]
[BlackElo "2483"]

1.Nf3 Nf6 2.d4 g6 3.c4 Bg7 4.Nc3 d6 5.e4 O-O 6.Be2 e5 7.O-O Nc6 8.d5 Ne7
9.Nd2 a5 10.Rb1 Bd7 11.b3 Kh8 12.a3 Neg8 13.b4 axb4 14.axb4 Ne8 15.c5 f5
16.f3 Ngf6 17.Nc4 Nh5 18.g3 Nef6 19.Rf2 Qe7 20.b5 dxc5 21.b6 c6 22.d6 Qe8
23.Na4 fxe4 24.Nxc5 exf3 25.Bxf3 Bf5 26.Rb3 Ra1 27.Ra3 Rb1 28.Rb3 Ra1 29.Nxb7 Be6
30.Nba5 e4 31.Be2 Ng4 32.Rf1 Rxf1+ 33.Qxf1 Bd4+ 34.Kg2 Rxc1 35.Qxc1 Qf8 36.Qe1 Nf2
37.g4 Nf4+ 38.Kg3 Nh1+ 39.Qxh1 Nxe2+  0-1

[Event "FSGM June"]
[Site "Budapest HUN"]
[Date "2001.06.04"]
[Round "3"]
[White "Varga,Zo"]
[Black "Rajlich,V"]
[Result "0-1"]
[WhiteElo "2503"]
[BlackElo "2337"]

1.Nf3 Nf6 2.d4 g6 3.c4 Bg7 4.Nc3 d6 5.e4 O-O 6.Be2 e5 7.O-O Nc6 8.d5 Ne7
9.Nd2 a5 10.a3 Nd7 11.Rb1 f5 12.b4 Kh8 13.Nb3 axb4 14.axb4 Nf6 15.exf5 Bxf5
16.Bd3 e4 17.Bc2 c6 18.Bg5 Nfxd5 19.cxd5 Bxc3 20.dxc6 bxc6 21.Nd4 Qd7 22.Bh6 Rfb8
23.Rb3 Ra1 24.Bb1 Nd5 25.b5 cxb5 26.Ne2 Rxb1 27.Rxb1 Qe6 28.Nxc3 Nxc3 29.Qd4+ Qe5
30.Qa7 Re8 31.Rb4 Qe7 32.Qd4+ Qe5 33.Qa7 Qe7 34.Qb6 Qe5 35.Rb3 d5  0-1

[Event "2nd IECC"]
[Site "Ohrid MKD"]
[Date "2001.06.04"]
[Round "4"]
[White "Nielsen,PH"]
[Black "Volokitin,A"]
[Result "1/2-1/2"]
[WhiteElo "2585"]
[BlackElo "2493"]

1.d4 Nf6 2.c4 g6 3.Nc3 Bg7 4.e4 d6 5.Nf3 O-O 6.Be2 e5 7.O-O Nc6 8.d5 Ne7
9.Ne1 Nd7 10.Be3 f5 11.f3 f4 12.Bf2 g5 13.a4 a6 14.Nd3 Rf6 15.c5 Rh6 16.cxd6 cxd6
17.a5 Qe8 18.Be1 Kh8 19.Nf2 Ng8 20.Na4 Rg6 21.g4 fxg3 22.hxg3 Bf6 23.Ng4 Bd8
24.Kg2 b5 25.axb6 Nxb6 26.Nc3 Nd7 27.Ne3 Ndf6 28.Nf5 Bxf5 29.exf5 Rh6 30.g4 Nh5
31.Ra4 Nf4+ 32.Rxf4 gxf4 33.Ne4 Nf6 34.Nxd6 Qd7 35.Ne4 Nxd5 36.Bf2 Rc8 37.b3 Bb6
38.Bc4 Bxf2 39.Qxd5 Qxd5 40.Bxd5 Bd4 41.Bc4 a5 42.Ng5 a4 43.Nf7+ Kg7 44.Nxh6 Kxh6
45.Rh1+ Kg7 46.f6+ Kxf6 47.Rh6+ Kg7 48.Ra6 axb3 49.Bxb3 e4 50.Ra4 exf3+ 51.Kxf3 Rc3+
52.Ke4 Bb6 53.Bd1 Bc7 54.Rd4 Re3+ 55.Kf5 f3 56.Rd7+ Kf8 57.Bxf3 Rxf3+ 58.Ke6 Re3+
59.Kf5 Rf3+ 60.Ke6 Bg3 61.Rxh7 Rf4 62.g5 Kg8 63.g6 Be1 64.Rf7 Rg4 65.Kf5 Rg2
66.Rd7 Bh4 67.g7 Be1 68.Rd8+ Kxg7 69.Rd7+ Kh6 70.Rd1 Bh4 71.Rh1 Kh5 72.Rf1 Rg5+
73.Ke4 Kg6 74.Rb1 Ra5 75.Rg1+ Kf6 76.Rb1 Re5+ 77.Kd3 Kf5 78.Rf1+ Ke6 79.Rf4 Rh5
80.Re4+ Kf5 81.Re2 Bg3 82.Re8 Be5 83.Rf8+ Ke6 84.Re8+ Kd5 85.Rd8+ Bd6 86.Ke3 Rh3+
87.Ke2 Ke4 88.Re8+ Kf4 89.Kd2 Be5 90.Kc2 Ke4 91.Rg8 Rc3+ 92.Kd1 Kd3 93.Rg2 Bf4
94.Rd2+ Ke4 95.Re2+ Kf3 96.Rf2+ Ke4 97.Rc2 Rh3 98.Ke2 Rh2+ 99.Kd1 Rh1+ 100.Ke2 Be5
101.Rc4+ Bd4 102.Rc2 Ra1 103.Kd2 Rg1 104.Ke2 Rh1 105.Kd2 Rh3 106.Ke2 Rd3
107.Kf1 Kf3 108.Rf2+ Kg3 109.Rg2+ Kf4 110.Rc2 Ra3 111.Ke2 Ke4 112.Kd2 Rb3
113.Ke2 Re3+ 114.Kd1 Ra3 115.Ke2 Bc3 116.Kf1 Ra1+ 117.Kg2 Bd4 118.Re2+ Be3
119.Rc2  1/2-1/2

[Event "FSGM June"]
[Site "Budapest HUN"]
[Date "2001.06.06"]
[Round "5"]
[White "Matlak,M"]
[Black "Rajlich,V"]
[Result "1-0"]
[WhiteElo "2172"]
[BlackElo "2337"]

1.Nf3 Nf6 2.c4 g6 3.Nc3 Bg7 4.e4 d6 5.d4 O-O 6.Be2 e5 7.O-O Nc6 8.d5 Ne7
9.Ne1 Nd7 10.Be3 f5 11.f3 f4 12.Bf2 g5 13.g4 h5 14.h3 Kf7 15.Nd3 Rh8 16.Kg2 Ng6
17.Rh1 Bf8 18.b4 Rh6 19.c5 Nf6 20.a4 Be7 21.b5 Qh8 22.c6 Qh7 23.Nb4 bxc6
24.bxc6 a5 25.Nc2 hxg4 26.hxg4 Nh4+ 27.Bxh4 gxh4 28.Kh2 Ne8 29.Kh3 Qh8 30.Qd3 Nf6
31.Rab1 Nh7 32.Rb7 Ng5+ 33.Kh2 Bxb7 34.cxb7 Ra7 35.Rb1 Qb8 36.Qb5 h3 37.Na3 Nh7
38.Nc4 Bh4 39.Qd7+ Kg6 40.Qc8 Bg3+ 41.Kh1 Rxb7 42.Qxb7 Qd8 43.Qb8 Qxb8 44.Rxb8 Be1
45.Nb5 Kg5 46.Nxc7 Kh4 47.Rh8 Kg3 48.Ne6 Kf2 49.Bd1 h2 50.Ng5 Rg6 51.Rxh7 Rxg5
52.Rxh2+ Kg3 53.Nxd6  1-0

[Event "2nd IECC"]
[Site "Ohrid MKD"]
[Date "2001.06.06"]
[Round "6"]
[White "Mikhalevski,V"]
[Black "Abbasov,F"]
[Result "1-0"]
[WhiteElo "2523"]
[BlackElo "2439"]

1.d4 Nf6 2.c4 g6 3.Nc3 Bg7 4.e4 d6 5.Be2 O-O 6.Nf3 e5 7.O-O Nc6 8.d5 Ne7
9.b4 a5 10.Ba3 Nd7 11.bxa5 Rxa5 12.Bb4 Ra8 13.a4 h6 14.a5 f5 15.Nd2 Rf7 16.Nb5 fxe4
17.Nxe4 Nf6 18.Bf3 Bf5 19.Nbxd6 cxd6 20.Nxd6 e4 21.Nxf7 Kxf7 22.Be2 g5 23.f3 e3
24.Ra3 Ng6 25.Rxe3 Rxa5 26.Bd3 Bxd3 27.Bxa5 Qxa5 28.Rxd3 Qc5+ 29.Kh1 Qxc4
30.Rd4 Qa2 31.Rd2 Qa5 32.d6 Nd7 33.Qb3+ Kf8 34.Ra2  1-0

[Event "2nd IECC"]
[Site "Ohrid MKD"]
[Date "2001.06.06"]
[Round "6"]
[White "Sargissian,G"]
[Black "Baklan,V"]
[Result "0-1"]
[WhiteElo "2517"]
[BlackElo "2613"]

1.Nf3 Nf6 2.c4 g6 3.Nc3 Bg7 4.e4 d6 5.d4 O-O 6.Be2 e5 7.O-O Nc6 8.d5 Ne7
9.b4 Nh5 10.Re1 f5 11.Ng5 Nf6 12.f3 Nh5 13.Kh1 f4 14.Ne6 Bxe6 15.dxe6 Bf6
16.c5 Bh4 17.Bc4 dxc5 18.Nd5 c6 19.bxc5 cxd5 20.exd5 Qa5 21.Bb2 Qxc5 22.Bb3 Bxe1
23.Qxe1 Rf5 24.Rc1 Ng3+ 25.Qxg3 Qxc1+ 26.Bxc1 fxg3 27.Ba3 e4 28.Bxe7 e3 29.hxg3 e2
30.Bb4 a5 31.Be1 a4 32.Bc4 b5 33.Bxe2 Re5 34.Bxb5 Rxe1+ 35.Kh2 Kf8  0-1

[Event "2nd IECC"]
[Site "Ohrid MKD"]
[Date "2001.06.07"]
[Round "7"]
[White "Kobalija,M"]
[Black "Miroshnichenko,E"]
[Result "0-1"]
[WhiteElo "2590"]
[BlackElo "2520"]

1.Nf3 Nf6 2.c4 g6 3.Nc3 Bg7 4.d4 O-O 5.e4 d6 6.Be2 e5 7.O-O Nc6 8.d5 Ne7
9.b4 Nh5 10.Re1 f5 11.Nd2 Nf6 12.c5 Kh8 13.f3 f4 14.Nc4 g5 15.Ba3 Ng6 16.b5 dxc5
17.Bxc5 Rg8 18.d6 Be6 19.dxc7 Qxc7 20.Bd6 Qc8 21.Nd5 Bxd5 22.exd5 e4 23.Rc1 Qd8
24.fxe4 Nxe4 25.Bb4 Rc8 26.Ba5 Qf8 27.d6 Qf5 28.Ne3 fxe3 29.Rxc8 Rxc8 30.d7 Qf2+
31.Kh1 Rf8 32.d8=Q Qh4 33.Q1d5 b6 34.Bc4 Nf6 35.g3 Qg4 36.Bb4 Nxd5 37.Qxd5 Rc8
38.Rxe3 Rxc4 39.Re8+ Bf8 40.Rxf8+ Nxf8 41.Bxf8 Rc1+ 42.Kg2 Qe2+ 43.Kh3 Qh5+
44.Kg2 Rc2+  0-1

[Event "FSGM June"]
[Site "Budapest HUN"]
[Date "2001.06.09"]
[Round "8"]
[White "Radziewicz,I"]
[Black "Al Sayed,Mohamad"]
[Result "0-1"]
[WhiteElo "2345"]
[BlackElo "2304"]

1.Nf3 Nf6 2.c4 g6 3.Nc3 Bg7 4.e4 d6 5.d4 O-O 6.Be2 e5 7.O-O Nc6 8.d5 Ne7
9.Ne1 Nd7 10.Be3 f5 11.f3 f4 12.Bf2 g5 13.Rc1 Rf6 14.c5 Nxc5 15.b4 Na6 16.Nb5 Bd7
17.Nxa7 Rh6 18.Bb5 Nxb4 19.Qa4 Bxb5 20.Qxb5 b6 21.a3 Na2 22.Nc6 Nxc6 23.Rxc6 Rxa3
24.Qb2 Ra7 25.Nd3 g4 26.fxg4 Qg5 27.Ra1 Qxg4 28.Rxa2 f3 29.Ne1 Rxa2 30.Qxa2 fxg2
31.Qc2 Qf4 32.Bg3  0-1

[Event "2nd IECC"]
[Site "Ohrid MKD"]
[Date "2001.06.09"]
[Round "8"]
[White "Mikhalevski,V"]
[Black "Roeder,M"]
[Result "1/2-1/2"]
[WhiteElo "2523"]
[BlackElo "2459"]

1.c4 g6 2.d4 Bg7 3.e4 d6 4.Nc3 Nf6 5.Nf3 O-O 6.Be2 e5 7.O-O Nc6 8.d5 Ne7
9.b4 a5 10.Ba3 b6 11.bxa5 Rxa5 12.Bb4 Ra8 13.a4 Re8 14.Ba3 Bf8 15.Bc1 c5
16.dxc6 Nxc6 17.Rb1 Be6 18.Be3 Rb8 19.h3 Nd7 20.Nd5 Bg7 21.Nb4 Nxb4 22.Rxb4 Nc5
23.Qc2 Bd7 24.Nd2 Ra8 25.Bxc5 dxc5 26.Rb5 Bh6 27.Nb1 Bxb5 28.cxb5 Qd4 29.Bc4 Red8
30.Qb3 Qxe4 31.Nc3 Qf4 32.Nd5 Rxd5 33.Bxd5 Qxa4 34.Bxf7+ Kg7 35.Qd5 Rf8 36.Be6 Qd4
37.Qb7+ Kh8 38.Qxb6 Be3 39.fxe3 Qxe3+ 40.Kh2 Rxf1 41.Qd8+ Kg7 42.Qe7+ Kh6
43.Qh4+ Kg7 44.Qe7+  1/2-1/2

[Event "2nd IECC"]
[Site "Ohrid MKD"]
[Date "2001.06.11"]
[Round "10"]
[White "Zlochevskij,A"]
[Black "Miroshnichenko,E"]
[Result "0-1"]
[WhiteElo "2469"]
[BlackElo "2520"]

1.d4 Nf6 2.c4 g6 3.Nc3 Bg7 4.e4 O-O 5.Nf3 d6 6.Be2 e5 7.O-O Nc6 8.d5 Ne7
9.b4 Nh5 10.Re1 f5 11.Nd2 Nf6 12.c5 Kh8 13.f3 f4 14.Nc4 g5 15.Ba3 Ng6 16.b5 Ne8
17.b6 axb6 18.cxb6 Rf6 19.bxc7 Qxc7 20.Nb5 Qd8 21.Bb4 Nh4 22.a4 Rh6 23.Qd2 Ra6
24.a5 Qd7 25.Nb6 Rxb6 26.axb6 Nxg2 27.Bf1 Nxe1 28.Qxe1 g4 29.Ra8 gxf3 30.Qf2 Qg4+
31.Kh1 Bf8 32.Qg1 Qh4 33.Rxc8 f2 34.Qg2 f3 35.Qh3  0-1

[Event "IM Ajvatovica"]
[Site "Donji Vakuf BIH"]
[Date "2001.06.15"]
[Round "1"]
[White "Muratovic,Ef"]
[Black "Dumpor,A"]
[Result "1-0"]
[WhiteElo "2303"]
[BlackElo "2301"]

1.d4 Nf6 2.c4 d6 3.Nf3 g6 4.Nc3 Bg7 5.e4 O-O 6.Be2 Nc6 7.O-O e5 8.Be3 Ng4
9.Bg5 f6 10.Bc1 exd4 11.Nxd4 Nge5 12.Be3 Nxd4 13.Bxd4 Be6 14.f4 Nd7 15.f5 Bf7
16.Nd5 c6 17.Ne3 Qe7 18.Bf3 Nc5 19.Qc2 a5 20.Rae1 Rfe8 21.Ng4 Nd7 22.b3 Ne5
23.h4 a4 24.Bd1 axb3 25.axb3 c5 26.Bxe5 dxe5 27.fxg6 hxg6 28.Ne3 Rad8 29.Nd5 Bxd5
30.cxd5 b5 31.Qe2 Rb8 32.h5 Qf7 33.Qg4 g5 34.Qh3 Bh6 35.Bg4 Kg7 36.Be6 Qe7
37.Qf5 Kh8 38.Qg6 Qg7 39.Rxf6 Qxg6 40.Rxg6 Bg7 41.d6 Rb6 42.d7 Rd8 43.Rf1 c4
44.bxc4 bxc4 45.h6 Bxh6 46.Rxh6+ Kg7 47.Rff6 c3 48.Rfg6+ Kf8 49.Rh7  1-0

[Event "2nd IECC Playoff g/15"]
[Site "Ohrid MKD"]
[Date "2001.06.15"]
[Round "1.2"]
[White "Epishin,V"]
[Black "Roeder,M"]
[Result "1-0"]
[WhiteElo "2579"]
[BlackElo "2459"]

1.d4 Nf6 2.c4 g6 3.Nc3 Bg7 4.e4 d6 5.Nf3 O-O 6.Be2 e5 7.O-O Nc6 8.d5 Ne7
9.b4 a5 10.Ba3 axb4 11.Bxb4 b6 12.a4 Re8 13.Re1 Bb7 14.Bf1 Bf8 15.Nb5 Ba6
16.a5 c5 17.Bc3 Bxb5 18.cxb5 bxa5 19.Nd2 Nc8 20.Nc4 Nb6 21.Nxa5 Qc7 22.Qc2 Nfd7
23.Nc6 Bh6 24.Ra6 Rf8 25.Rea1 Rxa6 26.bxa6 Kh8 27.Ba5 f5 28.exf5 gxf5 29.Rb1 Bg7
30.Qb3 c4 31.Bxb6 Nxb6 32.Qxb6 Qxb6 33.Rxb6 c3 34.Bd3 e4 35.Bc2 e3 36.fxe3 Bh6
37.Kf2 Re8 38.Rb8 Bxe3+ 39.Kf3  1-0

[Event "5th Open"]
[Site "Voronezh RUS"]
[Date "2001.06.15"]
[Round "4"]
[White "Ulko,J"]
[Black "Kobylkin,E"]
[Result "1-0"]
[WhiteElo "2480"]
[BlackElo "2355"]

1.d4 Nf6 2.c4 g6 3.Nc3 Bg7 4.e4 O-O 5.Nf3 d6 6.Be2 e5 7.O-O Nc6 8.d5 Ne7
9.b4 Nh5 10.Re1 Nf4 11.Bf1 a5 12.bxa5 Rxa5 13.a4 c5 14.Ra3 h6 15.Nd2 f5 16.g3 Nh5
17.exf5 Nxf5 18.Nce4 Nd4 19.Bb2 Nf6 20.Bxd4 exd4 21.Nxf6+ Qxf6 22.Rf3 Bf5
23.Bd3 Qg5 24.h4 Qd8 25.Bxf5 gxf5 26.Re6 Qd7 27.Qe2 Rf7 28.Qd3 Rxa4 29.Rxf5 Rxf5
30.Qxf5 Qf7 31.Qd3 Be5 32.f4 Bg7 33.Rxd6 Ra1+ 34.Nf1 Rc1 35.Rd8+ Bf8 36.Qe2 b5
37.cxb5 c4 38.Qd2 Rb1 39.Qxd4 Qe7 40.Qb6 Qg7 41.Qe6+ Kh8 42.Qe5  1-0

[Event "Homenaje a la Bandera"]
[Site "Rosario ARG"]
[Date "2001.06.16"]
[Round "2"]
[White "Giaccio,A"]
[Black "Ortigala,G"]
[Result "1-0"]
[WhiteElo "2453"]
[BlackElo "2033"]

1.d4 Nf6 2.Nf3 g6 3.c4 Bg7 4.Nc3 O-O 5.e4 d6 6.Be2 e5 7.O-O Nc6 8.d5 Ne7
9.b4 Ne8 10.c5 f5 11.Ng5 h6 12.Ne6 Bxe6 13.dxe6 dxc5 14.bxc5 c6 15.Qb3 Qc7
16.Rb1 Rb8 17.Rd1 Nf6 18.f3 Rfd8 19.Be3 Kh7 20.h3 fxe4 21.fxe4 Nc8 22.a4 Bf8
23.Qc4 Ne7 24.Rf1 Neg8 25.g4 Qg7 26.h4 Re8 27.g5 Nh5 28.Bxh5  1-0

[Event "43rd Tch-POR"]
[Site "Barreiro POR"]
[Date "2001.06.17"]
[Round "4"]
[White "Pinheiro,J"]
[Black "Santos,CP"]
[Result "1-0"]
[WhiteElo "2311"]
[BlackElo "2425"]

1.d4 Nf6 2.c4 g6 3.Nc3 Bg7 4.e4 d6 5.Nf3 O-O 6.Be2 e5 7.O-O Nc6 8.d5 Ne7
9.b4 Kh8 10.c5 Neg8 11.Nd2 Ne8 12.Bb2 f5 13.exf5 gxf5 14.f4 exf4 15.Rxf4 Ne7
16.Nc4 Ng6 17.Rf2 Bd7 18.Qd2 Qe7 19.Re1 dxc5 20.Bd3 Qf7 21.bxc5 Rd8 22.Ref1 Qe7
23.Ne3 Qxc5 24.Bxf5 Bxf5 25.Rxf5 Rxf5 26.Rxf5 Qd4 27.Qf2 Nd6 28.Ncd1 Qb6
29.Bxg7+ Kxg7 30.Kh1 Nxf5 31.Nxf5+ Kh8 32.Qe1 Rf8 33.Nde3 Qf6 34.h3 Re8 35.Qa5 Qa1+
36.Kh2 Qe5+ 37.Kg1 Nh4 38.Ng4 Qa1+ 39.Kh2 Nxf5  1-0

[Event "White Nights"]
[Site "St Petersburg RUS"]
[Date "2001.06.17"]
[Round "9"]
[White "Vaingorten,Y"]
[Black "Bratchenko,A"]
[Result "1/2-1/2"]
[WhiteElo "2192"]
[BlackElo "2383"]

1.d4 Nf6 2.c4 g6 3.Nc3 Bg7 4.e4 d6 5.Nf3 O-O 6.Be2 e5 7.O-O Nc6 8.d5 Ne7
9.Ne1 Nd7 10.f3 f5 11.g4 Nf6 12.Nd3 c6 13.Bd2 b5 14.dxc6 bxc4 15.Nb4 Qb6+
16.Kh1 Qxb4 17.Nd5 Nfxd5 18.Bxb4 Nxb4 19.Bxc4+ Kh8 20.Qxd6 Nbxc6 21.gxf5 gxf5
22.Rg1 fxe4 23.Rxg7 Kxg7 24.Rg1+ Ng6 25.Qxc6 Bf5 26.fxe4 Bh3 27.Rg3 Bf1 28.Qc7+ Kh8
29.Rxg6 hxg6 30.Qxe5+ Kh7 31.Qe7+ Kh6 32.Qh4+ Kg7 33.Qe7+ Kh6 34.Qh4+ Kg7  1/2-1/2

[Event "Homenaje a la Bandera"]
[Site "Rosario ARG"]
[Date "2001.06.18"]
[Round "7"]
[White "Tempone,M"]
[Black "Perez Cascella,J"]
[Result "0-1"]
[WhiteElo "2437"]
[BlackElo "2209"]

1.c4 Nf6 2.Nc3 g6 3.e4 d6 4.d4 Bg7 5.Be2 O-O 6.Nf3 e5 7.O-O Nc6 8.d5 Nd4
9.Ne1 Ne8 10.Nd3 f5 11.f4 exf4 12.Bxf4 fxe4 13.Nxe4 Nf6 14.Nxf6+ Bxf6 15.Qd2 Nf5
16.Kh1 Bd7 17.Rae1 Rf7 18.Bd1 Ng7 19.Nf2 Qf8 20.g3 Re8 21.Rxe8 Nxe8 22.Bg4 Bxg4
23.Nxg4 Bg7 24.Rg1 h5 25.Nh6+ Bxh6 26.Bxh6 Rf2 27.Qe3 Qf3+ 28.Qxf3 Rxf3 29.Kg2 Rf7
30.Re1 Nf6 31.a3 Nd7 32.Re8+ Kh7 33.Bf4 Kg7 34.Be3 Rf8 35.Re7+ Rf7 36.Bd4+ Kg8
37.Re6 Nf8 38.Re8 a6 39.a4 a5 40.c5 Rf5 41.c6 bxc6 42.dxc6 Kf7 43.Rd8 Rd5
44.Be3 Rd3 45.Kf2 Rb3 46.Bd4 Rb4 47.Bc3 Rxa4 48.Rc8 Ne6  0-1

[Event "5th Open"]
[Site "Voronezh RUS"]
[Date "2001.06.18"]
[Round "6"]
[White "Petukhov,D"]
[Black "Bragin,A"]
[Result "0-1"]
[WhiteElo "2095"]
[BlackElo "2374"]

1.d4 Nf6 2.Nf3 g6 3.c4 Bg7 4.Nc3 O-O 5.e4 d6 6.Be2 e5 7.O-O Nc6 8.d5 Ne7
9.b4 Nh5 10.Re1 f5 11.Ng5 Nf6 12.Bf3 Kh8 13.Ba3 c6 14.Ne6 Bxe6 15.dxe6 fxe4
16.Nxe4 Nxe4 17.Bxe4 Rf6 18.b5 Rxe6 19.Qa4 Qc7 20.Rab1 Rd8 21.Qxa7 d5 22.Bf3 Nc8
23.b6 Qf7 24.Qb8 Ree8 25.cxd5 cxd5 26.Rec1 e4 27.Qc7 Rd7 28.Qxc8 exf3 29.Rc7 Rxc7
30.Qxc7 Qf5 31.Rc1 Be5 32.Bd6 Bxd6  0-1